00935nam a2200265Ia 450000100060000000300090000600800410001504000130005604000130006904100130008210000180009510000290011324000150014224000350015724500490019224500390024125000110028026000110029126000140030226000490031630000590036550001690042465000450059365000310063853319IT-RoPAU130308s9999 xx 000 0 und d aIT-RoPAU cIT-RoPAU aSPAGNOLO aMoles Abraham gCodice Aut. SPICS: 3668 aIMAGE (L') gCodice Tit. Orig. Spics: 7519 aImagen-De la pared de la caverna al cinerama bComunicacion Y los Mass Media (La) a1a ed. aBILBAO bMensajero c1982 [1° Ed.:1982 - Ed.Ling.Originale:1971] a"27 p. (prefazione: no ; testo: 27 [pagine: 339-365])" aCaratteristiche delle immagini Ecologia e Inflazione dell'Immagine immagine in Movimento Tempo Animazione Educazione all'immagine immagine Fissa immagine e Computer aENCICLOPEDIE DELLA COMUNICAZIONE SOCIALE eCodice materia Spics: 3801